Resumen de los informes sobre la situación de la prensa partidista: Guatemala, El Salvador, Jamaica, Paraguay, República Dominicana

में बचाया:
ग्रंथसूची विवरण
स्वरूप: मूलपाठ
प्रकाशित: Heredia :
टैग: टैग जोड़ें
कोई टैग नहीं, इस रिकॉर्ड को टैग करने वाले पहले व्यक्ति बनें!

MARC

LEADER 00000 a a2200000 04500
001 15577
003
040
090 |a 007800  
245 |a Resumen de los informes sobre la situación de la prensa partidista: Guatemala, El Salvador, Jamaica, Paraguay, República Dominicana  
260 |a Heredia :  
300 |a 30 p.  
999 |c 13864  |d 13864